| 000 | 00966nam a22001937a 4500 | ||
|---|---|---|---|
| 999 |
_c62607 _d62607 |
||
| 003 | Ge_BSU | ||
| 005 | 20241217111924.0 | ||
| 008 | 241217s1999 ge ||||| |||| 00| 0 geo d | ||
| 041 | _ageo | ||
| 080 | _a617.7 ო-32 | ||
| 100 |
_aოდიშარია, თამარ _923986 |
||
| 245 |
_aროგორ შევინარჩუნოთ და გავიუმჯობესოთ მხედველობა ნებისმიერ ასაკში : _bწიგნი 1 / _cთამარ ოდიშარია; წინასიტყვაობა ივა ბერაძე. |
||
| 264 |
_aთბილისი : _bტრადიციული მედიცინა, _c1999. |
||
| 300 |
_a72 გვ.; _b21 სმ. |
||
| 653 | _aმედიცინა | ||
| 653 | _aმხედველობა | ||
| 700 |
_aბერაძე, ივა _eწინასიტყვაობა _923987 |
||
| 942 |
_2udc _cᲬᲘᲒᲜᲘ |
||